000
00323 a2200157 4500
001
74821
020
_a
978850212775-3
040
_c
Anchieta - Colégio São Paulo
100
_a
Degenszajn, David
240
1
0
_a
Conecte
_l
por
245
1
0
_a
Conecte
300
_a
380
362
0
_a
0
650
4
_a
Matemática
942
_c
BK
999
_c
74821
_d
74821